| 000 | 00584nam a2200193Ia 4500 | ||
|---|---|---|---|
| 999 |
_c6477 _d6477 |
||
| 008 | 200103s 1993 ||||xx |||||||||||||| ||und|| | ||
| 020 | _a9780471599890 | ||
| 082 |
_a510.2462 _bKRE |
||
| 100 | _aKreyszig, Erwin | ||
| 245 | 0 | _aAdvanced engineering mathematics | |
| 250 | _a7th | ||
| 260 |
_bJohn Wiley & Sons _c1993 _aCanada |
||
| 300 | _axvii,1271 + A111 +I18p. | ||
| 504 | _a"Includes Appendix and Index". | ||
| 650 | _aHigher Order Linear Differential Equations | ||
| 650 | _aVector Integral Calculus. Integral Theorems | ||
| 650 | _aNumerical methods | ||
| 942 | _cBK | ||